| 000 | 01495cam a22003977a 4500 | ||
|---|---|---|---|
| 003 | CHAP | ||
| 005 | 20220329142741.0 | ||
| 008 | 010920s2001 mx r 00010 spa d | ||
| 010 | _a87234 | ||
| 011 | _a88206 | ||
| 035 | _a98751 | ||
| 040 | _cCHAP | ||
| 090 | _aTesis | ||
| 100 | 0 | 0 |
_aSolís Acosta, Edelia. _9108421 |
| 245 | 1 | 0 |
_aEcuaciones de predicción y efecto de dia de pesada para cabritos de diferente combinación de tamaño de camada sexo de 0-7 meses de edad _c/por Edelia Solís Acosta |
| 260 |
_aChapingo, Méx. : _bEl autor, _c2003. |
||
| 300 | _a50 h. | ||
| 502 | _aTesis (Ing.Agr.Esp. en Zootecnia) -- UACH. Departamento de Zootecnia | ||
| 530 | _aTambién disponible en línea | ||
| 590 |
_aALEPH _b10 _c20130110 _lUCH01 _h1453 |
||
| 590 |
_aBATCH-UPD _b10 _c20130110 _lUCH01 _h0609 |
||
| 590 |
_aBATCH-UPD _b10 _c20130410 _lUCH01 _h0250 |
||
| 590 |
_aBATCH-UPD _b10 _c20130914 _lUCH01 _h1508 |
||
| 590 |
_aBATCH-UPD _b10 _c20140324 _lUCH01 _h1438 |
||
| 590 |
_aBATCH-UPD _b10 _c20141002 _lUCH01 _h0818 |
||
| 590 |
_aCONVERSION _b10 _c20130109 _lUCH01 _h1348 |
||
| 650 | 1 | 4 |
_aGanado cabrío _xCrecimiento. _945000 |
| 650 | 1 | 4 |
_aGanado cabrío _xEdad. _945005 |
| 650 | 1 | 4 |
_aGanado cabrío _xPeso. _945037 |
| 856 |
_3Finding aid _uhttp://10.13.5.2/tesis/98751.pdf _zTeclea aqui |
||
| 901 | _aBK | ||
| 905 | _aAlejandra Carrasco M. | ||
| 942 | _cFOLL | ||
| 949 |
_aTesis _bBC _cTES _d33724000894580 _eTS2 _fc.2 _h40937 _i98751 _sb |
||
| 949 |
_aTesis _bBC _cTES _d987511 _eTS1 _h40936 _i98751 _sb |
||
| 999 |
_c87234 _d87234 |
||